000 00526nam a2200205Ia 4500
001 b726-23191 [1997]
003 IT-MiCISF
008 161014s9999||||xx |||||||||||||| ||und||
040 _aIT-MiCISF
_cIT-MiCISF
041 _ait
100 _aMcNeill John J.
245 0 _aLa Chiesa e l'omosessualità
250 _a1a ed.
260 _a Milano
_bMondadori
_c1979
300 _app. 234
500 _a / pastorale, omosessualità, morale-sessuale /
650 _apastorale
942 _cBK
957 _71
999 _a23191
_bsi
_g1
_c209717
_d209717